[Event "Copa Libertadores de América"]
[Site "SchemingMind.com"]
[Date "2008.09.26"]
[Round "-"]
[White "smothered mate"]
[Black "fouche"]
[Result "1-0"]
[WhiteCountry "POL"]
[BlackCountry "COL"]
[WhiteElo "1931"]
[WhiteRD "51"]
[BlackElo "1645"]
[BlackRD "70"]
[GameID "172699"]

1. d4 d5 2. c4 e6 3. Nc3 Nf6 4. a3 c6 5. Nf3 Be7 6. h3 O-O 7. Bf4 Nbd7 8. e3 a6 9. Bd3 dxc4 10. Bxc4 Nb6
11. Bd3 Nbd5 12. Bh2 h6 13. O-O Bd6 14. Ne5 Nb6 15. Qe2 Nbd7 16. Rfd1 Qc7 17. f4 Bxe5 18. dxe5 Nd5 19. Ne4 Rd8 20. Nd6 Nf8
21. e4 Ne7 22. Bg3 Rxd6 23. exd6 Qxd6 24. e5 Qc7 25. Bf2 Bd7 26. Bc5 Nf5 27. Qf2 Ng6 28. g4 Nfe7 29. Bd6 Qa5 30. b4 Qa4
31. f5 exf5 32. gxf5 Qb3 33. fxg6 Nxg6 34. h4 Qe6 35. Qg3 Re8 36. Re1 Qd5 37. Rad1 Qd4+ 38. Kh2 Nxh4 39. Bh7+
1-0

[Event "Copa Libertadores de América"]
[Site "SchemingMind.com"]
[Date "2008.09.26"]
[Round "-"]
[White "fouche"]
[Black "smothered mate"]
[Result "0-1"]
[WhiteCountry "COL"]
[BlackCountry "POL"]
[WhiteElo "1645"]
[WhiteRD "70"]
[BlackElo "1931"]
[BlackRD "51"]
[GameID "172706"]

1. e4 c5 2. Nf3 d6 3. d4 cxd4 4. Nxd4 Nf6 5. Nc3 g6 6. Be3 Bg7 7. Qd2 Nc6 8. f3 O-O 9. Be2 Bd7 10. O-O-O Rc8
11. Kb1 Ne5 12. g4 Qa5 13. h4 h5 14. gxh5 Nxh5 15. f4 Ng4 16. Rdg1 Nxe3 17. Qxe3 Qc5 18. Nf5 Qxe3 19. Nxe3 Nxf4 20. Ned5 Nxd5
21. exd5 Bf5 22. h5 Bxc3 23. bxc3 Rxc3 24. hxg6 fxg6 25. Bd1 Rfc8 26. Rh2 R8c5 27. Kb2 R3c4 28. Rgh1 Kg7 29. Rh7+ Kf6 30. Re1 Re4
31. Reh1 Rf4 32. Rh8 Rxd5 33. Be2 Rf2 34. Rf8+ Kg7 35. Rg8+ Kxg8
0-1

[Event "Copa Libertadores de América"]
[Site "SchemingMind.com"]
[Date "2008.10.01"]
[Round "-"]
[White "lemmie"]
[Black "palomo"]
[Result "1-0"]
[WhiteCountry "NED"]
[BlackCountry "ARG"]
[WhiteElo "1721"]
[WhiteRD "48"]
[BlackElo "1514"]
[BlackRD "91"]
[GameID "173336"]

1. e4 e5 2. Nf3 Nc6 3. Bc4 Nf6 4. Ng5 d5 5. exd5 Nxd5 6. Nxf7 Kxf7 7. Qf3+ Ke6 8. Nc3 Nb4 9. Bb3 c6 10. a3 Na6
11. O-O Be7 12. d4 Rf8 13. Qe4 Qd6 14. Re1 Bf6 15. dxe5 Bxe5 16. f4 Nc5 17. fxe5 Nxe4 18. exd6 Kxd6 19. Nxe4+ Kd7 20. c4 Nf6
21. Nc5+ Kd6 22. Nd3 Bf5 23. Bf4+ Kd7 24. Nc5+ Kc8 25. Re7 Ne8 26. Rxb7 h6 27. Rd1 Rb8 28. Rxb8#
1-0

[Event "Copa Libertadores de América"]
[Site "SchemingMind.com"]
[Date "2008.10.01"]
[Round "-"]
[White "palomo"]
[Black "lemmie"]
[Result "0-1"]
[WhiteCountry "ARG"]
[BlackCountry "NED"]
[WhiteElo "1514"]
[WhiteRD "91"]
[BlackElo "1721"]
[BlackRD "48"]
[GameID "173341"]

1. e4 e5 2. Nf3 Nc6 3. Bb5 a6 4. Ba4 b5 5. Bb3 Na5 6. Bxf7+ Kxf7 7. Nxe5+ Ke8 8. Qf3 Qe7 9. d4 Nf6 10. Nc3 Bb7
11. Be3 d6 12. Nd5 Bxd5 13. exd5 dxe5 14. d6 cxd6 15. Qxa8+ Kf7 16. Qxa6 Nc4 17. O-O Nxe3 18. fxe3 exd4 19. Qxb5 Qxe3+ 20. Kh1 Be7
21. Qc4+ d5 22. Qxd5+ Kg6 23. Qc6 h5 24. Rae1 Qg5 25. Rxe7 Rf8 26. a4 Kh7 27. Ree1 Qh4 28. g3 Qh3 29. Qg2 Qg4 30. Rf4 Qc8
31. Rxd4 Ng4 32. Rd2 Qc5 33. Qe4+ Kh8 34. Kg2 Rf2+ 35. Rxf2 Qxf2+
0-1

[Event "Copa Libertadores de América"]
[Site "SchemingMind.com"]
[Date "2008.10.09"]
[Round "-"]
[White "lucho-sc"]
[Black "theperfectchap"]
[Result "0-1"]
[WhiteCountry "URU"]
[BlackCountry "IND"]
[WhiteElo "1037"]
[WhiteRD "74"]
[BlackElo "1584"]
[BlackRD "212"]
[GameID "174232"]

1. e4 e5 2. Nf3 Nc6 3. Nc3 Nf6 4. d3 Bb4 5. Bg5 d6 6. Nh4 h6 7. Bxf6 Qxf6 8. Qd2 Qxh4 9. O-O-O O-O 10. g3 Qd8
11. a3 Ba5 12. h4 Nd4 13. Bh3 Bxh3 14. Rxh3 Qf6 15. f4 exf4 16. Rf1 Qe6 17. Rxf4 Qxh3 18. Qf2 Qh1+
0-1

[Event "Copa Libertadores de América"]
[Site "SchemingMind.com"]
[Date "2008.10.09"]
[Round "-"]
[White "theperfectchap"]
[Black "lucho-sc"]
[Result "1-0"]
[WhiteCountry "IND"]
[BlackCountry "URU"]
[WhiteElo "1584"]
[WhiteRD "212"]
[BlackElo "1037"]
[BlackRD "74"]
[GameID "174245"]

1. e4 e5 2. Nf3 Nc6 3. Bc4 d6 4. d4 Bg4 5. c3 Qh4 6. Nxh4 Bxd1 7. Kxd1 Be7 8. Nf5 O-O-O 9. Nxe7+ Ngxe7 10. Bxf7 Rhf8
11. Be6+ Kb8 12. f3 Rf6 13. d5 Na5 14. Na3 Ng6 15. Bg5 Rdf8 16. Bxf6 Rxf6 17. Kc2 c6 18. b4
1-0

[Event "Copa Libertadores de América"]
[Site "SchemingMind.com"]
[Date "2008.10.11"]
[Round "-"]
[White "mmccaffe"]
[Black "wewoolfs"]
[Result "0-1"]
[WhiteCountry "USA"]
[BlackCountry "USA"]
[WhiteElo "1427"]
[WhiteRD "55"]
[BlackElo "1645"]
[BlackRD "85"]
[GameID "174486"]

1. e4 e5 2. Nf3 Nc6 3. Bb5 a6 4. Ba4 d6 5. O-O Nf6 6. Re1 Be7 7. c3 O-O 8. h3 Be6 9. Ng5 Qc8 10. Nxe6 fxe6
11. Bxc6 bxc6 12. d4 exd4 13. cxd4 Nd7 14. Nc3 e5 15. dxe5 Nxe5 16. b3 Bh4 17. Rf1 Qe6 18. Bb2 Rf7 19. f4 Nd7 20. Qg4 Qxg4
21. hxg4 Bf6 22. g5 Bd4+ 23. Kh2 Raf8 24. g3 d5 25. e5 Nxe5 26. Na4 Bxb2 27. Nxb2 Ng6 28. Rac1 Ne5 29. Kg1 Nd7 30. Rxc6 Ne5
31. Rxa6 d4 32. Rd1 Nd7 33. Rxd4 Nc5 34. Ra5 Ne6 35. Rd2 Rd8 36. Rxd8+ Nxd8 37. Rd5 Nc6 38. a4 h6 39. gxh6 gxh6 40. Nc4 Nb4
41. Rb5 Nd3 42. Ne5 Nxe5 43. Rxe5 Kg7 44. Kf2 Kf6 45. Kf3 c6 46. Rc5 Rc7 47. a5 Ke6 48. Rh5 Rb7 49. Rxh6+ Kd5 50. Rh5+ Kd4
0-1

[Event "Copa Libertadores de América"]
[Site "SchemingMind.com"]
[Date "2008.10.11"]
[Round "-"]
[White "wewoolfs"]
[Black "mmccaffe"]
[Result "1/2-1/2"]
[WhiteCountry "USA"]
[BlackCountry "USA"]
[WhiteElo "1641"]
[WhiteRD "94"]
[BlackElo "1598"]
[BlackRD "51"]
[GameID "174497"]

1. d4 Nf6 2. c4 g6 3. Nc3 Bg7 4. Bf4 O-O 5. Nf3 d6 6. e4 Nbd7 7. Bd3 c5 8. e5 Nh5 9. Bg5 f6 10. Be3 fxe5
11. dxc5 dxc5 12. O-O b6 13. Be4 Rb8 14. Ng5 Ndf6 15. Qc2 Nxe4 16. Ncxe4 Bf5 17. Rad1 Qe8 18. h3 Nf6 19. g4 Bxe4 20. Nxe4 Qc6
21. Ng3 Rbd8 22. f4 exf4 23. Bxf4 Rd4 24. Be5 Rxd1 25. Qxd1 Nd7 26. Bxg7 Rxf1+ 27. Qxf1 Kxg7 28. Qe1 Qd6 29. Kg2 Qc6+ 30. Kh2 Qd6
31. Qc3+ Qe5 32. Qxe5+ Nxe5 33. b3 Nd3 34. Ne2 Kf6 35. Kg3 e5 36. Kf3 g5 37. Ke3 Nf4 38. Ng1 h6=
1/2-1/2

[Event "Copa Libertadores de América"]
[Site "SchemingMind.com"]
[Date "2008.10.21"]
[Round "-"]
[White "Brian Acebo"]
[Black "emvarela"]
[Result "0-1"]
[WhiteCountry "USA"]
[BlackCountry "ARG"]
[WhiteElo "1619"]
[WhiteRD "87"]
[BlackElo "2021"]
[BlackRD "143"]
[GameID "175643"]

1. d4 Nf6 2. c4 g6 3. Nc3 Bg7 4. e4 d6 5. f3 O-O 6. Be3 Nc6 7. Qd2 e5 8. d5 Ne7 9. Bd3 c6 10. Nge2 cxd5
11. cxd5 Bd7 12. O-O Ne8 13. Rac1 f5 14. Bg5 f4 15. g4 Bf6 16. Bh6 Qb6+ 17. Kg2 Rf7 18. g5 Bg7 19. Bxg7 Kxg7 20. h4 h6
21. gxh6+ Kxh6 22. Rh1 Ng7 23. b3 Nh5 24. Bc4 Rg8 25. Rcg1 g5 26. hxg5+ Rxg5+ 27. Kf1 Rfg7 28. Nd1 Bh3+
0-1

[Event "Copa Libertadores de América"]
[Site "SchemingMind.com"]
[Date "2008.10.21"]
[Round "-"]
[White "emvarela"]
[Black "Brian Acebo"]
[Result "1-0"]
[WhiteCountry "ARG"]
[BlackCountry "USA"]
[WhiteElo "2021"]
[WhiteRD "143"]
[BlackElo "1619"]
[BlackRD "87"]
[GameID "175646"]

1. e4 c5 2. Nf3 Nc6 3. d4 cxd4 4. Nxd4 Nf6 5. Nc3 a6 6. Be3 g6 7. Nxc6 bxc6 8. Bd3 d6 9. Qe2 Bg7 10. O-O O-O
11. Na4 e5 12. Nb6 Rb8 13. Nxc8 Qxc8 14. Bxa6 Qc7 15. Bc1 Qb6 16. Bd3 Rfe8 17. b3 d5 18. Bb2 d4 19. c3 c5 20. cxd4 cxd4
21. f3 Nd7 22. Rfc1 Nc5 23. Ba3 Ne6 24. g3 Nc5 25. Bxc5 Qb7 26. b4 Bf8 27. a3 Bxc5 28. Rxc5 Qb6 29. Bb5 Rec8 30. Rac1 Rxc5
31. Rxc5 Qd6 32. Qc4 Kg7 33. Rc7 Qf6 34. Kf2 h5 35. h4 Rf8 36. a4 Kh6 37. Qc1+ Kg7 38. Qc6 Qd8 39. Rd7 Qb8 40. Qc7 Qxc7
41. Rxc7 Rd8 42. Ke2 Kf6 43. Bc4
1-0

[Event "Copa Libertadores de América"]
[Site "SchemingMind.com"]
[Date "2008.10.26"]
[Round "-"]
[White "lame wolf"]
[Black "kalgon57"]
[Result "0-1"]
[WhiteCountry "INT"]
[BlackCountry "FRA"]
[WhiteElo "994"]
[WhiteRD "56"]
[BlackElo "1601"]
[BlackRD "144"]
[GameID "176432"]

1. b4 d5 2. b5 e5 3. a4 Bc5 4. Bb2 f6 5. Nf3 Be6 6. e3 Nd7 7. c4 dxc4 8. Bc3 Qe7 9. d4 exd4 10. exd4 Bd6
11. Nbd2 Bg4+ 12. Be2 Bxf3 13. Nxf3 O-O-O 14. Qd2 Nh6 15. O-O Nb6 16. d5 Qf7 17. Nd4 Qxd5 18. Rab1 Nxa4 19. Rfe1 Nxc3 20. Qxc3 Be5
21. Bxc4 Qxd4 22. Qxd4 Rxd4 23. g3 Rxc4 24. f4 Bd4+ 25. Kg2 Bb6 26. Kh3 c6 27. Rf1 Nf7 28. g4 h5 29. g5 fxg5 30. fxg5 Nxg5+
31. Kg2 Rd8 32. Rf5 Rd2+ 33. Kg3 h4#
0-1

[Event "Copa Libertadores de América"]
[Site "SchemingMind.com"]
[Date "2008.10.26"]
[Round "-"]
[White "kalgon57"]
[Black "lame wolf"]
[Result "1-0"]
[WhiteCountry "FRA"]
[BlackCountry "INT"]
[WhiteElo "1601"]
[WhiteRD "144"]
[BlackElo "994"]
[BlackRD "56"]
[GameID "176438"]

1. e4 d5 2. exd5 Qxd5 3. b3 f6 4. Nc3 Qd8 5. Ba3 Be6 6. g3 c6 7. Bg2 Qc7 8. Qe2 b5 9. Qxe6 Qd7 10. Qxd7+ Nxd7
11. Bxc6 Rc8 12. Bxb5 e6 13. Bxf8 Kxf8 14. Bxd7 Rc7 15. Bb5
1-0

[Event "Copa Libertadores de América"]
[Site "SchemingMind.com"]
[Date "2008.11.01"]
[Round "-"]
[White "e_castle3"]
[Black "Lucas the Pirate"]
[Result "1-0"]
[WhiteCountry "PHI"]
[BlackCountry "ISR"]
[WhiteElo "1742"]
[WhiteRD "71"]
[BlackElo "1801"]
[BlackRD "132"]
[GameID "176537"]

1. e4 e5 2. Nf3 Nc6 3. Bb5 a6 4. Ba4 Nf6 5. O-O Be7 6. Re1 b5 7. Bb3 O-O 8. c3 d5 9. exd5 Nxd5 10. Nxe5 Nxe5
11. Rxe5 Bb7 12. d4 Bd6 13. Rxd5 Bxd5 14. Bxd5 Rb8 15. Bf3 Re8 16. Nd2 Rb6 17. Ne4 Be7 18. Be3 Re6 19. Qc2 Bf6 20. Rd1 a5
21. d5 Ra6 22. Nc5 Rb6 23. Ne4 Ra6 24. d6 cxd6 25. Nxf6+ Qxf6 26. Bb7
1-0

[Event "Copa Libertadores de América"]
[Site "SchemingMind.com"]
[Date "2008.10.28"]
[Round "-"]
[White "pre-zes"]
[Black "baron1"]
[Result "0-1"]
[WhiteCountry "POL"]
[BlackCountry "ENG"]
[WhiteElo "1600"]
[WhiteRD "84"]
[BlackElo "2123"]
[BlackRD "146"]
[GameID "176538"]

1. g3 d5 2. Bg2 e5 3. c4 Nf6 4. d3 d4 5. Bg5 h6 6. Bd2 Bd6 7. e3 O-O 8. exd4 exd4 9. Nf3 Re8+ 10. Kf1 Nc6
11. h4 Bf5 12. Qb3 Nd7 13. Qxb7 Bxd3+ 14. Kg1 Be4 15. Qb5 Nc5 16. b4 a6 17. bxc5 axb5 18. cxd6 bxc4 19. dxc7 Qxc7 20. Bf4 Qa5
21. Nbd2 Bd5 22. Kh2 c3 23. Nb3 Bxb3 24. axb3 Qxa1 25. Nxd4 Nxd4
0-1

[Event "Copa Libertadores de América"]
[Site "SchemingMind.com"]
[Date "2008.11.01"]
[Round "-"]
[White "Lucas the Pirate"]
[Black "e_castle3"]
[Result "0-1"]
[WhiteCountry "ISR"]
[BlackCountry "PHI"]
[WhiteElo "1775"]
[WhiteRD "120"]
[BlackElo "1763"]
[BlackRD "65"]
[GameID "176544"]

1. Nf3 Nc6 2. d4 d5 3. c4 Bg4 4. e3 e6 5. cxd5 exd5 6. Bd3 Nf6 7. Nc3 Bb4 8. O-O O-O 9. a3 Be7 10. Re1 Re8
11. h3 Bh5 12. b4 Bxf3 13. Qxf3 a6 14. Bb2 Bf8 15. Rac1 g6 16. Na4 Re6 17. Nc5 Bxc5 18. Rxc5 Ne7 19. a4 Nd7 20. Rc2 c6
21. e4 dxe4 22. Rxe4 Rxe4 23. Qxe4 Nd5 24. b5 N7f6 25. Qe5 Nb4 26. Rd2 Nfd5 27. Bb1 Qd7 28. Re2 Rf8 29. f4 f6 30. Qe4 Kf7
31. Ba3 Re8 32. Qf3 Rxe2 33. Qxe2 Nxf4
0-1

[Event "Copa Libertadores de América"]
[Site "SchemingMind.com"]
[Date "2008.10.28"]
[Round "-"]
[White "baron1"]
[Black "pre-zes"]
[Result "1-0"]
[WhiteCountry "ENG"]
[BlackCountry "POL"]
[WhiteElo "2123"]
[WhiteRD "146"]
[BlackElo "1600"]
[BlackRD "84"]
[GameID "176545"]

1. c4 d5 2. d4 dxc4 3. Nf3 c5 4. e3 cxd4 5. Bxc4 Qa5+ 6. Bd2 Qb6 7. Nxd4 Qxb2 8. Nc3 e5 9. Ndb5 Qb4 10. Ne4 Qe7
11. Nbd6+ Kd7 12. Bb4 Nh6 13. Nxb7+ Kc7 14. Ba5+ Kxb7 15. Qd5+ Nc6 16. Qb5#
1-0

[Event "Copa Libertadores de América"]
[Site "SchemingMind.com"]
[Date "2008.11.02"]
[Round "-"]
[White "Killer"]
[Black "z"]
[Result "0-1"]
[WhiteCountry "POL"]
[BlackCountry "IRQ"]
[WhiteElo "1280"]
[WhiteRD "113"]
[BlackElo "1779"]
[BlackRD "62"]
[GameID "176685"]

1. e3 d5 2. d4 Bf5 3. Bd3 Bxd3 4. Qxd3 a6 5. Bd2 e6 6. g3 c5 7. dxc5 Bxc5 8. Qc3 Qe7 9. Qxg7 Qf6 10. Qxf6 Nxf6
11. b4 Bd6 12. Bc3 Nbd7 13. Nf3 Ke7 14. Nbd2 Nb6 15. a3 Rhc8 16. Bxf6+ Kxf6 17. Rc1 Nc4 18. Nxc4 Rxc4 19. c3 a5 20. O-O Rac8
21. Nd4 axb4 22. Nb5 Be7 23. axb4 Bxb4 24. Rb1 Bc5 25. Rfc1 Ke7 26. Nd4 b6 27. Nb3 Ba3 28. Rd1 Rxc3 29. Nd4 Rc1 30. Nb5 Rxb1
31. Rxb1 Rc1+ 32. Rxc1 Bxc1 33. h4 Bb2 34. f4 f5 35. Kf2 Kd7 36. Kf3 Kc6 37. Na7+ Kc5 38. g4 fxg4+ 39. Kxg4 Bc1 40. Kf3 b5
41. e4 dxe4+ 42. Kxe4 b4 43. Kd3 Bxf4 44. Kc2 e5 45. Nc8 e4 46. Ne7 e3 47. Kd3 b3 48. Nf5 b2 49. Kc2 e2 50. Kxb2 e1=Q
0-1

[Event "Copa Libertadores de América"]
[Site "SchemingMind.com"]
[Date "2008.10.29"]
[Round "-"]
[White "nhitchings"]
[Black "jl1234"]
[Result "0-1"]
[WhiteCountry "USA"]
[BlackCountry "POL"]
[WhiteElo "1416"]
[WhiteRD "195"]
[BlackElo "1712"]
[BlackRD "66"]
[GameID "176686"]

1. e4 c5 2. Nf3 Nc6 3. d4 e6 4. d5 Nb8 5. Nc3 d6 6. Bb5+ Bd7 7. Bf4 Qb6 8. Qd3 a6 9. Ba4 e5 10. Bg3 Nf6
11. Bxd7+ Nbxd7 12. O-O Nh5 13. Bh4 Nf4 14. Qc4 Qa5 15. Bg5 b5 16. Qb3 Ng6 17. Ne2 h6 18. Bh4 Be7 19. Bxe7 Nxe7 20. Qc3 Qb6
21. a4 O-O 22. a5 Qb7 23. b4 Rac8 24. Qd2 Nf6 25. Ng3 cxb4 26. Qxb4 Qd7 27. c3 Rc4 28. Qb3 Rfc8 29. Rfc1 b4 30. Rc2 bxc3
31. Rac1 Nxe4 32. Nxe4 Rxe4 33. Rxc3 Rxc3 34. Rxc3 Ra4 35. Qb1 Rxa5 36. Rb3 Rb5 37. Rxb5 Qxb5 38. Qxb5 axb5 39. Nd2 f5 40. Kf1 Nxd5
41. Ke1 Kf7 42. Ke2 Ke6
0-1

[Event "Copa Libertadores de América"]
[Site "SchemingMind.com"]
[Date "2008.10.28"]
[Round "-"]
[White "z"]
[Black "Killer"]
[Result "1-0"]
[WhiteCountry "IRQ"]
[BlackCountry "POL"]
[WhiteElo "1779"]
[WhiteRD "62"]
[BlackElo "1280"]
[BlackRD "113"]
[GameID "176696"]

1. e4 e5 2. f4 exf4 3. Nf3 f6 4. d4 Qe7 5. Bd3 d5 6. Bxf4 dxe4 7. O-O exf3 8. Re1 Be6 9. d5 Qc5+ 10. Be3 Qxd5
11. Nc3 Qh5 12. Bf2 Qg5 13. Qxf3 Kf7 14. Qxb7 Bd5 15. Nxd5 Ne7 16. Bc4 Kg6 17. Nxe7+ Bxe7 18. Qe4+ Kh6 19. Be3 Bc5 20. Qh4+ Kg6
21. Bd3+ Kf7 22. Qc4+ Ke8 23. Bxc5+ Kd7 24. Qe6+ Kd8 25. Be7+ Ke8 26. Bxf6+ Kf8 27. Qe7+ Kg8 28. Qe8#
1-0

[Event "Copa Libertadores de América"]
[Site "SchemingMind.com"]
[Date "2008.10.29"]
[Round "-"]
[White "jl1234"]
[Black "nhitchings"]
[Result "1-0"]
[WhiteCountry "POL"]
[BlackCountry "USA"]
[WhiteElo "1712"]
[WhiteRD "66"]
[BlackElo "1416"]
[BlackRD "195"]
[GameID "176697"]

1. d4 d5 2. c4 e6 3. c5 Nc6 4. b4 Nxb4 5. e3 Nc6 6. Nf3 Nf6 7. Bd3 g6 8. Bb5 Bg7 9. Ne5 O-O 10. Nxc6 bxc6
11. Bxc6 Rb8 12. Ba3 Bd7 13. Qa4 Bxc6 14. Qxc6 Qd7 15. Qxd7 Nxd7 16. c6 Rfd8 17. cxd7 Rxd7 18. Nd2 f6 19. O-O c6 20. Rab1 Rdb7
21. Rxb7 Rxb7 22. Rb1 Rb6 23. Bc5 Rxb1+ 24. Nxb1 a6 25. Nc3 e5 26. a4 exd4 27. exd4 f5 28. a5 Bh6 29. Na2 Bd2 30. Bb4
1-0

[Event "Copa Libertadores de América"]
[Site "SchemingMind.com"]
[Date "2008.10.31"]
[Round "-"]
[White "alejandroales"]
[Black "maro"]
[Result "1-0"]
[WhiteCountry "ARG"]
[BlackCountry "MEX"]
[WhiteElo "1797"]
[WhiteRD "94"]
[BlackElo "1264"]
[BlackRD "52"]
[GameID "176932"]

1. c4 e5 2. Nc3 Nf6 3. g3 g5 4. Nf3 Ng4 5. Bg2 Bc5 6. O-O d6 7. d3 Nc6 8. Bxg5 f6 9. Bd2 Be6 10. a3 f5
11. b4 Bd4 12. Rc1 O-O 13. Nd5 e4 14. Nxd4 Nxd4 15. dxe4 fxe4 16. Bxe4 c6 17. Nf4 Rf6 18. Bc3 Bxc4 19. Qxd4 Bb3 20. h3 d5
21. Bf5 Nh6 22. Be6+ Rf7 23. Qg7#
1-0

[Event "Copa Libertadores de América"]
[Site "SchemingMind.com"]
[Date "2008.10.31"]
[Round "-"]
[White "maro"]
[Black "alejandroales"]
[Result "0-1"]
[WhiteCountry "MEX"]
[BlackCountry "ARG"]
[WhiteElo "1264"]
[WhiteRD "52"]
[BlackElo "1797"]
[BlackRD "94"]
[GameID "176939"]

1. Nf3 c5 2. d4 Nf6 3. Bf4 Nc6 4. e3 d5 5. Qe2 e6 6. Nc3 Qb6 7. Na4 Qb4+ 8. Nc3 cxd4 9. exd4 Nxd4 10. Qd3 Nxf3+
11. Qxf3 d4 12. Bb5+ Nd7 13. O-O dxc3 14. Bxd7+ Bxd7 15. bxc3 Qc5 16. Be3 Qc6 17. Rad1 Qxf3 18. gxf3 Be7 19. f4 Bc6 20. c4 O-O
21. c5 Rfd8
0-1

[Event "Copa Libertadores de América"]
[Site "SchemingMind.com"]
[Date "2008.11.02"]
[Round "-"]
[White "Azziru"]
[Black "Schaakmaatje"]
[Result "0-1"]
[WhiteCountry "FIN"]
[BlackCountry "NED"]
[WhiteElo "1426"]
[WhiteRD "150"]
[BlackElo "1779"]
[BlackRD "55"]
[GameID "177094"]

1. e4 c5 2. Nf3 d6 3. Nc3 e6 4. Be2 Nc6 5. O-O a6 6. d3 Be7 7. Bf4 Nf6 8. e5 dxe5 9. Nxe5 Nd4 10. Bg4 Nxg4
0-1

[Event "Copa Libertadores de América"]
[Site "SchemingMind.com"]
[Date "2008.11.01"]
[Round "-"]
[White "CRIS PORTI"]
[Black "nimzoking"]
[Result "0-1"]
[WhiteCountry "ARG"]
[BlackCountry "ENG"]
[WhiteElo "1678"]
[WhiteRD "265"]
[BlackElo "2164"]
[BlackRD "76"]
[GameID "177195"]

1. e4 d5 2. e5 c5 3. d4 cxd4 4. Bb5+ Bd7 5. Bxd7+ Qxd7 6. Qxd4 Nc6 7. Qf4 f6 8. exf6 Nxf6 9. Nf3 e5 10. Qd2 Bc5
11. O-O Ne4 12. Qe2 O-O 13. Nbd2 Nxf2 14. Rxf2 Qf5 15. Qb5 Qxc2 16. b3 e4 17. Kh1 Bxf2 18. Qxd5+ Kh8 19. Nxe4 Rad8 20. Nd6 Rf5
21. Ne5 Rxd6 22. Qxd6 Bc5
0-1

[Event "Copa Libertadores de América"]
[Site "SchemingMind.com"]
[Date "2008.11.03"]
[Round "-"]
[White "nimzoking"]
[Black "CRIS PORTI"]
[Result "1-0"]
[WhiteCountry "ENG"]
[BlackCountry "ARG"]
[WhiteElo "2164"]
[WhiteRD "76"]
[BlackElo "1678"]
[BlackRD "265"]
[GameID "177200"]

1. d4 Nf6 2. Bf4 d5 3. e3 e6 4. Bd3 Bd6 5. Bg3 Nc6 6. Nf3 e5 7. dxe5 Nxe5 8. Nxe5 O-O 9. O-O Re8 10. Nf3 Bxg3
11. hxg3 c5 12. c3 Bg4 13. c4 Qb6 14. Qb3 Bxf3 15. gxf3 Rad8 16. Qxb6 axb6 17. cxd5 Rxd5 18. Bc4 Rf5 19. Bb5 Re7 20. Kg2 g5
21. e4 Rfe5 22. Nc3 Ne8 23. Nd5 R7e6 24. Bxe8 Rxd5 25. Bxf7+
1-0

[Event "Copa Libertadores de América"]
[Site "SchemingMind.com"]
[Date "2008.11.03"]
[Round "-"]
[White "Clive Everill"]
[Black "BigB"]
[Result "0-1"]
[WhiteCountry "CZE"]
[BlackCountry "SVK"]
[WhiteElo "1663"]
[WhiteRD "50"]
[BlackElo "2056"]
[BlackRD "101"]
[GameID "177340"]

1. e4 Nf6 2. Nc3 d5 3. d4 dxe4 4. f3 exf3 5. Nxf3 c6 6. Bg5 h6 7. Bh4 Bg4 8. Be2 Nbd7 9. O-O e6 10. Ne4 Be7
11. Nxf6+ Bxf6 12. Bxf6 Nxf6 13. Ne5 Bxe2 14. Qxe2 Qxd4+ 15. Kh1 O-O 16. c3 Qe4 17. Qxe4 Nxe4 18. Rad1 Rfd8 19. Rd7 Rxd7 20. Nxd7 Rd8
21. Ne5 f6 22. Nc4 b5 23. Na5 Rd2 24. Nxc6 Rxb2 25. Nxa7 Nxc3 26. h3 Rxa2 27. Nc6 Rb2 28. Ra1 Rb1+ 29. Rxb1 Nxb1 30. Kg1 Kf7
31. Kf2 e5 32. Ke2 Ke6 33. Kd3 f5 34. Kc2 Kd6 35. Nb4 Na3+ 36. Kb3 Nc4 37. Na2 Kc5 38. Nc3 b4 39. Ne2 f4 40. Kc2 Ne3+
0-1

[Event "Copa Libertadores de América"]
[Site "SchemingMind.com"]
[Date "2008.11.03"]
[Round "-"]
[White "BigB"]
[Black "Clive Everill"]
[Result "1-0"]
[WhiteCountry "SVK"]
[BlackCountry "CZE"]
[WhiteElo "2056"]
[WhiteRD "101"]
[BlackElo "1663"]
[BlackRD "50"]
[GameID "177352"]

1. e4 c6 2. d4 d5 3. Nc3 b5 4. e5 b4 5. Nce2 g6 6. Nf4 Bg7 7. a3 Qb6 8. axb4 Qxb4+ 9. c3 Qb6 10. h4 Bf5
11. Ngh3 e6 12. g4 Be4 13. f3 Bxf3 14. Qxf3 Nd7 15. Ng5 f5 16. Nfxe6 Bh6 17. gxf5 Ne7 18. fxg6 Nxe5 19. dxe5 Bxg5 20. Qf7+ Kd7
21. Bxg5 Rae8 22. g7 Rhg8 23. Nf8+ Kd8 24. Qxg8
1-0

[Event "Copa Libertadores de América"]
[Site "SchemingMind.com"]
[Date "2008.11.16"]
[Round "-"]
[White "alejandroales"]
[Black "lemmie"]
[Result "1-0"]
[WhiteCountry "ARG"]
[BlackCountry "NED"]
[WhiteElo "1797"]
[WhiteRD "94"]
[BlackElo "1721"]
[BlackRD "48"]
[GameID "179158"]

1. d4 d5 2. c4 dxc4 3. Nf3 e6 4. e4 Nc6 5. Bxc4 Bb4+ 6. Nc3 Nf6 7. Bg5 O-O 8. e5 h6 9. Bh4 g5 10. Nxg5 Nxd4
11. Ne4 Bxc3+ 12. bxc3 Nf5 13. Nxf6+ Kh8 14. Qh5 c5 15. g4
1-0

[Event "Copa Libertadores de América"]
[Site "SchemingMind.com"]
[Date "2008.11.17"]
[Round "-"]
[White "lemmie"]
[Black "alejandroales"]
[Result "0-1"]
[WhiteCountry "NED"]
[BlackCountry "ARG"]
[WhiteElo "1701"]
[WhiteRD "50"]
[BlackElo "1816"]
[BlackRD "96"]
[GameID "179169"]

1. e4 c6 2. d4 d5 3. e5 Bf5 4. Nf3 e6 5. Be2 c5 6. Be3 Qb6 7. b3 Nc6 8. dxc5 Bxc5 9. Bxc5 Qxc5 10. O-O Qxc2
11. Qxc2 Bxc2 12. Na3 Bg6 13. Bb5 Ne7 14. Rac1 O-O 15. Rfd1 Bh5 16. Bxc6 Nxc6 17. Nb5 Bxf3 18. gxf3 Rfc8 19. f4 a6 20. Nd6 Rc7
21. Kg2 Kf8 22. Nxb7 Rxb7 23. Rxc6 Rb4 24. Kg3 a5 25. f3 a4 26. Rd3 axb3 27. axb3 g6 28. Rdc3 Ra3 29. Rc7 Rbxb3 30. Rxb3 Rxb3
31. Rd7 h5 32. h4 Ke8 33. Rd6= Rb2 34. Kh3 Rd2 35. Kg3 Ke7 36. Kh3 d4 37. Kg3 f6 38. Rb6 fxe5 39. fxe5 d3 40. Rd6 Rd1
41. Kf2 d2 42. Ke2 Re1+ 43. Kxd2 Rxe5 44. Rd4 Rd5 45. Ke3 Rxd4 46. Kxd4 Kf6 47. Ke4 g5 48. hxg5+ Kxg5 49. Ke5 h4 50. f4+ Kg4
51. Kxe6 Kxf4
0-1

[Event "Copa Libertadores de América"]
[Site "SchemingMind.com"]
[Date "2008.11.26"]
[Round "-"]
[White "z"]
[Black "kalgon57"]
[Result "1-0"]
[WhiteCountry "IRQ"]
[BlackCountry "FRA"]
[WhiteElo "1833"]
[WhiteRD "62"]
[BlackElo "1557"]
[BlackRD "118"]
[GameID "180467"]

1. e4 b6 2. d4 e6 3. f4 Bb7 4. Bd3 Nf6 5. Qe2 c5 6. c3 Be7 7. Nf3 c4 8. Bc2 d5 9. Nbd2 O-O 10. e5 Nfd7
11. Nf1 b5 12. a3 a5 13. Ne3 Nc6 14. O-O f5 15. exf6 Bxf6 16. Ng4 Be7 17. Qxe6+ Kh8 18. Nfe5 Ndxe5 19. Nxe5 Nxe5 20. fxe5 Rxf1+
21. Kxf1 Bc8 22. Qf7 Ra6 23. Kg1 Be6 24. Qh5 Bg8 25. Be3 g6 26. Qf3 Ra7 27. Rf1 b4 28. axb4 axb4 29. cxb4 Bxb4 30. Qh3 g5
31. Qh6
1-0